000 01675nam1a2200337 i 4500
001 RU\NLR\BIBL_A\012687969
005 20260406151435.0
035 _a(NLR Aleph) 012687969
090 _a12837077
_c12837077
100 _a20220119d2022 um y0rusy50 ca
101 0 _arus
102 _aRU
105 _a||||f||||||||
181 0 _ai
_baxxe
182 0 _an
200 1 _aРусский народ
_eэнциклопедия народного и декоративно-прикладного искусства
_eв 2 т.
_fнаучный редактор-составитель: С.В. Лебедев
_gглавный редактор, руководитель проекта: О.А. Платонов
203 _aТекст
_bвизуальный
_cнепосредственный
210 _aМосква
_cИнститут русской цивилизации
_d2022 [т. е. 2021]
215 _d30
300 _aОба тома фактически изданы в 2021 г.
320 _aБиблиогр. в конце слов. с.
606 _aДекоративно-прикладное искусство русское
_jЭнциклопедии
_92582892
_3RU\NLR\AUTH\661526795
686 1 _aЩ123(2Р=Рус)я20
702 1 _4220
_7ca
_8rus
_aЛебедев
_bС. В.
_cд-р филос. наук.
_f1962-
_gСергей Викторович
_93787
_3RU\NLR\AUTH\7720720
702 1 _4340
_8rus
_7ca
_aПлатонов
_bО. А.
_f1950-
_gОлег Анатольевич
_3RU\NLR\AUTH\775343
_9115307
852 _aNLR
_jС 2022-5/3
942 _cBOOK
980 4 _aVNP_SKP